| 000 | 00376 a2200169 4500 | ||
|---|---|---|---|
| 001 | 144676 | ||
| 040 | _cLeonardo Da Vinci | ||
| 041 | _aPortuguês | ||
| 082 |
_a791.43 K24 _bK24 |
||
| 100 | _aKEMP,philip | ||
| 245 | _aTudo sobre cinema | ||
| 260 |
_bsextente _c2011 _aRio de Janeiro |
||
| 300 | _a576 | ||
| 362 | _a20110000 | ||
| 697 | _aCinema miscalanea | ||
| 942 | _cBK | ||
| 999 |
_c144676 _d144676 |
||